| 000 | 00495nam a22001697a 4500 | ||
|---|---|---|---|
| 005 | 20180731130147.0 | ||
| 020 |
_a8175344644 _c00 |
||
| 035 | _aB-167994, B-167995 | ||
| 037 |
_aDPL _bENG |
||
| 100 | _aHansaria, B L. | ||
| 245 |
_aSixth schedule to the Constitution / _cby B L Hansaria |
||
| 250 | _a2nd ed. | ||
| 260 |
_aNew Delhi _bUniversal Law Publishing Co. _c2005 |
||
| 300 |
_axx, 563p. _c22 cms. |
||
| 700 |
_aHansaria, Vijay _948014 |
||
| 942 |
_2ddc _cEN _h342.54 _mHAN |
||
| 999 |
_c67219 _d67219 |
||